[Event "Tatry Open 2018"]
[Site "Tatranska Lomnica"]
[Date "2018.10.02"]
[Round "4"]
[White "Kostelny, Jozef"]
[Black "Gyerpal, Adrian"]
[Result "1-0"]
[WhiteElo "2193"]
[BlackElo "1978"]
[Annotator "TA"]
[PlyCount "121"]
[EventDate "2018.09.30"]
[EventType "swiss"]
[EventCountry "SVK"]
[SourceTitle "playchess.com"]
[Source "ChessBase"]
[SourceQuality "1"]

{[%evp 25,121,73,77,61,91,91,110,115,110,94,136,106,129,68,84,64,62,58,65,61,58,27,28,22,118,38,69,63,177,152,200,188,275,274,448,470,437,480,475,460,661,642,735,548,471,435,490,443,1079,410,385,361,288,0,502,510,700,486,429,404,404,389,514,497,29991,797,717,558,676,605,550,591,577,576,604,546,787,833,829,823,810,791,919,1002,29977,29985,29985,29986,29986,29984,29982,29983,29990,29991,29994,29995,29996,29997]} 1. d4 Nf6 2. c4 g6 3. Nc3 Bg7 4. e4 d6 5. Nf3 O-O 6. Be2 Bg4 7. Be3 Nfd7 8. Qd2 c5 9. d5 {E91: King's Indian: Classical: 6 Be2, unusual replies including 6...c5 and 6...Bg4} Na6 10. h3 Bxf3 11. Bxf3 Re8 12. O-O Nc7 13. Be2 a6 {LiveBook: 8 Games} 14. a4 Rb8 (14... e6 15. Rfe1 exd5 16. exd5 f5 17. a5 Rb8 18. Bd1 b5 19. axb6 Nxb6 20. Be2 Bf8 {½-½ (20) Eljanov,P (2678)-Chadaev,N (2582) Moscow 2013}) 15. Rad1 b6 16. f4 $146 {[%cal Bf2f4,Bf4f5][%mdl 32]} Rb7 17. e5 dxe5 18. f5 $1 Nf6 19. Bg5 ({White should play} 19. g4 $16) 19... Rf8 $14 20. d6 exd6 21. Qxd6 Qxd6 22. Rxd6 Nce8 23. Rd8 {[%mdl 1024] White has compensation.} h6 24. Be3 $36 {[%mdl 2048] Black must now prevent fxg6. White is pushing.} Nc7 (24... gxf5 $11 {keeps the balance.} 25. Rxf5 Rd7 26. Rxd7 Nxd7) 25. Rd6 (25. Rxf8+ $16 Kxf8 26. fxg6) 25... g5 26. Rfd1 Rbb8 {[#]} ({Better is} 26... e4 $14) 27. Rc6 $1 $18 {[%cal Rc6c7]} Rfc8 28. Rdd6 Nfe8 (28... a5 $142 29. Rxf6 Bxf6) 29. Rd7 Bf8 $2 (29... Na8) 30. Bh5 f6 31. Ne4 Bg7 32. a5 Na8 (32... bxa5 $142 33. Bxc5 Rd8) 33. Re6 bxa5 34. Bxc5 Nac7 35. Rc6 Na8 36. Rxa6 Rxb2 (36... Nac7 $142) 37. Raa7 (37. Bxe8 $142 Rxe8 38. Rxf6) 37... Nac7 38. Nd6 Bf8 39. Ne4 $2 ({Don't do} 39. Rxa5 $6 Bxd6 40. Bxd6 Rd2 $16) (39. Bf7+ $18 Kh8 40. Bg6 (40. Rxa5 Bxd6 41. Bxd6 Rd2 $16) 40... Bxd6 41. Bxd6) 39... Bxc5+ $4 {[%mdl 8192]} (39... Bg7 $1 $11 {and Black stays safe.} 40. Kh2 Rbb8 41. Bf7+ Kh7 42. Bxe8 Nxe8) 40. Nxc5 Ra2 41. Re7 Kf8 42. Rf7+ Kg8 43. Ne4 g4 44. hxg4 Rb8 (44... Ra4 $18 45. Nxf6+ Nxf6) 45. Rfxc7 (45. Raxc7 $142 Rb1+ 46. Kh2 Rxg2+ 47. Kxg2 Rb8 {[#]} 48. Bg6 $1 {[%mdl 512]} Rb2+ 49. Kh3 Rb3+ 50. Kh4 Rh3+ 51. Kxh3 Nxc7 52. Nxf6+ Kh8 53. Rh7#) 45... Nxc7 46. Rxc7 Ra1+ 47. Kf2 Rf8 48. Ra7 a4 49. c5 {[%cal Bc4c5,Bc5c6][%mdl 32]} a3 50. Nd6 Rc1 51. Bf7+ Kh8 52. Bc4 Rc2+ 53. Ke3 Rxg2 54. c6 Rxg4 55. Nf7+ {White mates.} Rxf7 56. Bxf7 {KRB-KR} Rg3+ 57. Kd2 Rg2+ 58. Kc3 Rg3+ 59. Kb4 Rg1 60. c7 Rc1 61. Bc4 {Precision: White = 63%, Black = 22%.} 1-0

[Event "Tatry Open 2018"]
[Site "Tatranska Lomnica"]
[Date "2018.10.02"]
[Round "4"]
[White "Macko, Michal"]
[Black "Olvecky, Jaroslav"]
[Result "1-0"]
[WhiteElo "2187"]
[BlackElo "1912"]
[Annotator "ChessBase"]
[PlyCount "93"]
[EventDate "2018.09.30"]
[EventType "swiss"]
[EventCountry "SVK"]
[SourceTitle "playchess.com"]
[Source "ChessBase"]
[SourceQuality "1"]
[TimeControl "40/5400+30:1800+30"]

1. e4 {[%emt 0:00:00]} c5 {[%emt 0:00:00]} 2. Nc3 {[%emt 0:01:19]} Nc6 3. Bb5 Nd4 {[%emt 0:03:54]} 4. Bc4 {[%emt 0:00:41]} e6 {[%emt 0:00:49]} 5. Nge2 {[%emt 0:00:06]} a6 {[%emt 0:03:22]} 6. Nxd4 {[%emt 0:00:54]} cxd4 {[%emt 0:00:02]} 7. Ne2 {[%emt 0:00:09]} b5 {[%emt 0:00:45]} 8. Bb3 {[%emt 0:00:09]} Bc5 {[%emt 0:04:20]} 9. O-O {[%emt 0:02:43]} Bb7 {[%emt 0:03:38]} 10. d3 {[%emt 0:01:01]} Ne7 {[%emt 0:01:49]} 11. c3 {[%emt 0:04:39]} dxc3 {[%emt 0:01:38]} 12. bxc3 {[%emt 0:00:07]} Bb6 {[%emt 0:00:09]} 13. Be3 {[%emt 0:02:26]} f5 {[%emt 0:04:27]} 14. Bd4 {[%emt 0:13:20]} O-O {[%emt 0:01:46]} 15. f3 {[%emt 0:00:18]} Kh8 {[%emt 0:03:39]} 16. Qd2 {[%emt 0:02:52]} Rc8 {[%emt 0:11:12]} 17. Qe3 {[%emt 0:03:03]} Bxd4 {[%emt 0:04:14]} 18. Qxd4 {[%emt 0:00:39]} Nc6 {[%emt 0:00:05]} 19. Qe3 {[%emt 0:00:22]} Qc7 {[%emt 0:05:34]} 20. a4 {[%emt 0:07:24]} b4 {[%emt 0:09:12]} 21. cxb4 {[%emt 0:01:38]} Nxb4 {[%emt 0:01:10]} 22. a5 {[%emt 0:04:16]} Qc5 {[%emt 0:04:53]} 23. Qxc5 {[%emt 0:02:26]} Rxc5 {[%emt 0:00:02]} 24. Bc4 {[%emt 0:01:33]} d5 {[%emt 0:10:17]} 25. Rab1 {[%emt 0:01:06]} dxc4 {[%emt 0:03:21]} 26. Rxb4 {[%emt 0:00:18]} cxd3 {[%emt 0:07:01]} 27. Nd4 {[%emt 0:01:53]} Bc8 {[%emt 0:00:44]} 28. Nb3 {[%emt 0:04:13]} Rc3 {[%emt 0:01:48]} 29. Rb1 {[%emt 0:01:17]} fxe4 {[%emt 0:00:57]} 30. Rxe4 {[%emt 0:00:18]} Bd7 {[%emt 0:03:18]} 31. Rd4 {[%emt 0:13:48]} Bb5 {[%emt 0:00:02]} 32. Rd6 {[%emt 0:01:37]} h6 {[%emt 0:02:49]} 33. Kf2 {[%emt 0:01:00]} Rc2+ {[%emt 0:01:08]} 34. Kg3 {[%emt 0:00:27]} Bc4 {[%emt 0:04:06]} 35. Nd4 {[%emt 0:00:49]} Ra2 {[%emt 0:02:10]} 36. Nc6 {[%emt 0:00:50]} Bd5 {[%emt 0:01:23]} 37. Ne7 {[%emt 0:01:03]} Re8 {[%emt 0:01:19]} 38. Ng6+ {[%emt 0:03:58]} Kh7 {[%emt 0:00:45]} 39. Nf4 {[%emt 0:00:07]} Rxa5 {[%emt 0:00:21]} 40. Nxd3 {[%emt 0:00:17]} Bc4 41. Rb7 {[%emt 0:32:20]} Rd5 {[%emt 0:31:12]} 42. Rxd5 {[%emt 0:02:20]} exd5 {[%emt 0:00:02]} 43. Nc5 {[%emt 0:00:41]} d4 {[%emt 0:00:00]} 44. Rb4 {[%emt 0:00:00]} d3 {[%emt 0:00:00]} 45. Rxc4 {[%emt 0:00:00]} Rc8 {[%emt 0:00:00]} 46. Kf2 {[%emt 0:00:00]} a5 {[%emt 0:00:00]} 47. Rc3 {[%emt 0:00:00]} 1-0

[Event "Tatry Open 2018"]
[Site "Tatranska Lomnica"]
[Date "2018.10.02"]
[Round "4"]
[White "Havelka, Ondrej"]
[Black "Zylka, Stanislaw"]
[Result "0-1"]
[WhiteElo "2150"]
[BlackElo "2327"]
[Annotator "TA"]
[PlyCount "90"]
[EventDate "2018.09.30"]
[EventType "swiss"]
[EventCountry "SVK"]
[SourceTitle "playchess.com"]
[Source "ChessBase"]
[SourceQuality "1"]

{[%evp 16,90,22,0,58,33,37,28,37,0,0,-33,-6,-11,-20,-45,-30,-27,-26,-55,-33,-29,-9,-35,-29,-27,-26,-42,-32,-27,-43,-112,-131,-132,-102,-119,-112,-152,-145,-161,-156,-128,-118,-200,-190,-319,-333,-499,-485,-745,-714,-654,-548,-547,-555,-1406,-1276,-1435,-1422,-5497,-4901,-1664,-2400,-5210,-4805,-29988,-29988,-29989,-29988,-29988,-29989,-29989,-29990,-29990,-29991,-29991,-29992]} 1. d4 Nf6 2. c4 g6 3. Nc3 d5 4. cxd5 Nxd5 5. e4 Nxc3 6. bxc3 Bg7 7. Qa4+ Nd7 8. Nf3 O-O 9. Be2 {LiveBook: 146 Games. D85: Exchange Grünfeld: Unusual White 7th moves and lines with 7 Nf3} b6 (9... e5 $11) 10. O-O Bb7 11. e5 {White is slightly better.} c5 $146 ({Predecessor:} 11... e6 12. Bg5 Qc8 13. Rfd1 f6 14. Bc4 Bxf3 15. Bxe6+ Kh8 16. Bxd7 Bxd1 17. Rxd1 {1-0 (28) Moiseenko,A (2707)-Fedoseev,V (2662) Dubai 2014}) 12. Ba3 Qc7 13. Nd2 Rfd8 {Hoping for ...Nxe5!} 14. f4 Nf8 15. Bc4 a6 {White must now prevent ...b5.} 16. Qb3 e6 $40 {[%mdl 128] White needs to defend precisely.} 17. Rac1 Nd7 ({But not} 17... cxd4 $6 18. cxd4 Bc6 19. Be2 $14) 18. Nf3 b5 19. Bxe6 $1 c4 $1 {[%cal Rc4b3]} 20. Bxf7+ $1 Kxf7 21. Ng5+ Kg8 22. Qc2 Qc6 23. f5 (23. Rce1 $1 $15) 23... Bh6 $17 24. h4 Bxg5 $1 25. hxg5 {White wants to play f6.} gxf5 26. Rxf5 {[#]} Qg6 $1 27. Rcf1 Bd5 28. Qd2 a5 29. R1f2 (29. Bd6 $17) 29... Rdc8 $19 30. g4 {[#]} (30. e6 $142 Bxe6 31. Rxb5) 30... b4 $1 31. cxb4 (31. Bc1 $142) 31... c3 32. Qc1 (32. Qe3 $142 axb4 33. Bxb4) 32... axb4 33. Bxb4 Rxa2 34. Rxa2 Bxa2 35. Qa3 Be6 36. Qa6 Nb8 37. Qxc8+ Bxc8 38. Rf8+ Kg7 39. Be7 Qb1+ 40. Rf1 c2 {Black mates.} 41. Ba3 Ba6 42. Rc1 Qb3 43. Kf2 Qxa3 44. Rxc2 Kg6 45. e6 Qd3 {Precision: White = 13%, Black = 69%.} 0-1

[Event "Tatry Open 2018"]
[Site "Tatranska Lomnica"]
[Date "2018.10.02"]
[Round "4"]
[White "Kolesar, Milan"]
[Black "Hursky, Karel P"]
[Result "1-0"]
[WhiteElo "2133"]
[BlackElo "2051"]
[Annotator "ChessBase"]
[PlyCount "83"]
[EventDate "2018.09.30"]
[EventType "swiss"]
[EventCountry "SVK"]
[SourceTitle "playchess.com"]
[Source "ChessBase"]
[SourceQuality "1"]
[TimeControl "40/5400+30:1800+30"]

1. Nf3 {[%emt 0:00:00]} e6 {[%emt 0:06:55]} 2. d4 {[%emt 0:00:00]} Nf6 {[%emt 0:03:54]} 3. c4 {[%emt 0:00:00]} b6 {[%emt 0:01:30]} 4. g3 {[%emt 0:00:27]} Bb7 {[%emt 0:03:03]} 5. Bg2 {[%emt 0:00:07]} Bb4+ {[%emt 0:01:46]} 6. Bd2 {[%emt 0:01:19]} Qe7 {[%emt 0:04:17]} 7. O-O {[%emt 0:01:23]} Bxd2 {[%emt 0:00:30]} 8. Qxd2 {[%emt 0:00:37]} O-O {[%emt 0:03:32]} 9. Nc3 {[%emt 0:00:51]} d6 {[%emt 0:03:03]} 10. Qc2 {[%emt 0:03:33]} Nbd7 {[%emt 0:03:31]} 11. e4 {[%emt 0:02:14]} e5 {[%emt 0:08:42]} 12. Rfe1 {[%emt 0:01:31]} c6 {[%emt 0:24:14]} 13. Rad1 {[%emt 0:02:25]} Rad8 {[%emt 0:00:54]} 14. b3 {[%emt 0:05:25]} g6 {[%emt 0:00:40]} 15. Qd2 {[%emt 0:04:21]} Kg7 {[%emt 0:03:56]} 16. h3 {[%emt 0:01:16]} h6 {[%emt 0:04:02]} 17. Nh4 {[%emt 0:05:09]} Nh5 {[%emt 0:03:45]} 18. Qe3 {[%emt 0:19:42]} Rfe8 {[%emt 0:05:06]} 19. Nf3 {[%emt 0:07:57]} Nf8 {[%emt 0:02:17]} 20. Rd2 {[%emt 0:00:37]} f6 {[%emt 0:06:28]} 21. Red1 {[%emt 0:05:40]} Bc8 {[%emt 0:02:13]} 22. Nh2 {[%emt 0:03:40]} Kh7 {[%emt 0:01:17]} 23. Ng4 {[%emt 0:01:33]} Bxg4 {[%emt 0:02:06]} 24. hxg4 {[%emt 0:00:07]} Ng7 {[%emt 0:00:16]} 25. Bf3 {[%emt 0:01:07]} exd4 {[%emt 0:01:36]} 26. Rxd4 {[%emt 0:02:09]} Nfe6 {[%emt 0:00:26]} 27. R4d2 {[%emt 0:00:48]} Ng5 {[%emt 0:00:31]} 28. Bg2 {[%emt 0:08:01]} Nf7 {[%emt 0:01:16]} 29. f4 {[%emt 0:02:21]} f5 {[%emt 0:00:53]} 30. gxf5 {[%emt 0:00:47]} Nxf5 {[%emt 0:00:42]} 31. Qf2 {[%emt 0:04:30]} Ng7 {[%emt 0:00:08]} 32. e5 {[%emt 0:01:38]} Qc7 {[%emt 0:00:40]} 33. Ne4 {[%emt 0:00:39]} Re6 {[%emt 0:01:00]} 34. Bh3 {[%emt 0:03:13]} Nf5 {[%emt 0:00:06]} 35. g4 {[%emt 0:01:05]} Ng7 {[%emt 0:00:05]} 36. Nf6+ {[%emt 0:02:02]} Kh8 {[%emt 0:00:07]} 37. g5 {[%emt 0:00:54]} h5 {[%emt 0:01:21]} 38. Bxe6 {[%emt 0:01:00]} Nxe6 {[%emt 0:00:05]} 39. exd6 {[%emt 0:01:06]} Rxd6 {[%emt 0:00:50]} 40. Rxd6 {[%emt 0:00:31]} Nxd6 {[%emt 0:00:04]} 41. Qb2 {[%emt 0:33:00]} Ng7 {[%emt 0:30:15]} 42. Qe5 {[%emt 0:00:37]} 1-0

[Event "Tatry Open 2018"]
[Site "Tatranska Lomnica"]
[Date "2018.10.02"]
[Round "4"]
[White "Dzikowski, Michal"]
[Black "Vojta, Tomas"]
[Result "0-1"]
[WhiteElo "2126"]
[BlackElo "2349"]
[Annotator "TA"]
[PlyCount "176"]
[EventDate "2018.09.30"]
[EventType "swiss"]
[EventCountry "SVK"]
[SourceTitle "playchess.com"]
[Source "ChessBase"]
[SourceQuality "1"]

{[%evp 26,176,22,33,63,0,0,0,16,14,21,9,27,0,20,22,14,22,45,0,22,0,0,0,0,0,0,0,0,0,14,-62,-51,-99,-106,-103,-46,-44,16,33,12,-7,-6,-12,-10,-31,-8,-10,0,-20,-20,-20,-21,-99,0,0,0,0,0,0,0,0,10,13,10,13,114,23,42,39,45,0,0,0,0,0,0,0,0,-8,0,0,0,-8,-8,-8,0,-8,0,0,0,0,0,0,0,0,0,0,0,0,0,0,0,0,0,0,8,8,12,0,0,0,2,2,12,12,21,0,0,0,0,-8,-8,-8,-8,-8,-8,-8,-8,-59,-8,-59,-59,-29960,-59,-29965,-29965,-29971,-29972,-29972,-29973,-29973,-29974,-29974,-29975,-29975,-29976,-29977,-29978,-29978,-29977,-29979,-29979]} 1. d4 d5 2. c4 Nc6 3. Nf3 Bg4 4. cxd5 Bxf3 5. gxf3 Qxd5 6. e3 e5 7. Nc3 Bb4 8. Bd2 Bxc3 9. bxc3 Qd6 10. Rb1 Rb8 {D07: Queen's Gambit: Chigorin Defence} (10... O-O-O 11. Qb3 b6 12. Qxf7 Kb8 13. Qc4 Qf6 14. Bg2 Nge7 15. f4 exf4 16. exf4 Na5 17. Qa6 Qe6+ 18. Be3 {½-½ (71) Hammer,J (2682)-Rapport,R (2693) Reykjavik 2015 CBM 170 [Krasenkow,M]}) 11. f4 exf4 12. e4 Nge7 13. Qf3 Ng6 14. h4 {LiveBook: 4 Games} Qa3 {Strongly threatening ...Nxd4!} 15. Bg2 $146 (15. Rh3 $14) ({Predecessor:} 15. Bd3 O-O 16. h5 Nge5 17. Qe2 f3 18. Qe3 Nxd3+ 19. Qxd3 Qxa2 {0-1 (29) Nagy,D (2265)-Papp,T (2300) Hungary 2008}) 15... Qxa2 16. Rd1 h5 17. Bxf4 Nxf4 18. Qxf4 Qa5 19. Qe3 Qb5 20. Bf1 Qb3 21. Rg1 Kf8 22. Qg3 {[%mdl 1024] And now d5 would win. White has compensation.} Rh7 23. Be2 {With the idea d5.} Re8 24. e5 Ne7 25. Qd3 Rh6 26. Rb1 Qa3 27. Rxb7 Nd5 28. c4 (28. Rg3 $11) 28... Qa6 $15 29. Rb1 Nf4 $1 {[%cal Rf4d3]} 30. Qd2 Rg6 ({Black should play} 30... Nxe2 $17 31. Qxe2 Rf6 $1 {[%mdl 512]}) 31. Rg3 Ng2+ (31... Rxg3 $15 32. fxg3 Nxe2 33. Qxe2 Qg6) 32. Kf1 $11 Nxh4 33. Qf4 ({But not} 33. Bxh5 Qxc4+ 34. Qd3 Qxd3+ 35. Rxd3 Rh6 $15) 33... Rxg3 34. fxg3 Ng6 35. Qf5 h4 36. gxh4 Nxh4 37. Qh5 Ng6 {White should prevent ...c5!} 38. Bd3 $1 Kg8 39. Bxg6 (39. Kg1 $11) 39... Qxc4+ (39... fxg6 $17 40. Qe2 Qe6) 40. Qe2 Qxd4 41. Bd3 Qf4+ 42. Kg2 Qg5+ 43. Kf2 g6 44. Re1 a5 45. Qe3 Qh5 (45... Qh4+ $11 {keeps the balance.} 46. Qg3 Qd4+ 47. Qe3 Qh4+ 48. Kg2 Kg7) 46. Kg2 (46. Qf4 $16) 46... Qg4+ 47. Qg3 Qe6 48. Qh3 Qd5+ 49. Qf3 Rxe5 50. Qxd5 Rxd5 {[%mdl 4096] Endgame KRB-KR} 51. Re8+ Kg7 52. Bc4 Rd4 53. Bb5 Rd5 54. Bc4 Rc5 55. Bb3 f5 56. Re6 Kh6 57. Ba4 Rc4 58. Bb5 Rb4 59. Bd7 Rb6 {aiming for ...Rxe6.} 60. Re5 Ra6 61. Ba4 Kg5 62. Rc5 Rd6 63. Rxc7 Rd2+ 64. Kf3 Rd3+ 65. Ke2 Rd4 66. Bc2 Rd5 67. Bb3 Rb5 68. Bf7 Kf6 69. Bc4 Rb4 70. Rc6+ Ke5 71. Bf7 (71. Kd3 {looks sharper.} g5 72. Rc5+ Kf6 73. Rxa5 Rb7 74. Ra6+) 71... g5 72. Rc5+ Kf6 73. Rxa5 Kxf7 74. Rxf5+ {KR-KR} Kg6 75. Rf8 Kh5 {Hoping for ...Kh4.} 76. Kf2 Kh4 {Threatens to win with ...Rb2+.} 77. Rh8+ Kg4 {...Rb2+ is the strong threat.} 78. Ra8 (78. Rg8 $11) 78... Kh3 $1 $15 79. Ra5 $2 {[%mdl 8192] [#]} (79. Rh8+ $15 Rh4 80. Rd8) 79... Rb2+ $2 (79... Rg4 $1 {mates} 80. Ke1 Rg2 81. Rf5 g4 82. Kf1 Kh2 83. Rh5+ Kg3 84. Rb5 Ra2 85. Rg5 Ra6 86. Rg8 Rc6 87. Rg7 Rc1+ 88. Ke2 Rg1 89. Kd2 Kh2 90. Rd7 Ra1 91. Rh7+ Kg2 92. Rd7 g3 93. Rf7 Kg1 94. Ke2 Ra2+ 95. Ke1 Ra4 96. Rh7 Ra1+ 97. Ke2 Ra2+ 98. Kf3 Ra3+ 99. Kg4 g2 100. Rf7 Ra8 101. Kf4 Ra4+ 102. Ke5 Kh2 103. Kf5 Kg3 104. Rg7+ Kf3 105. Rxg2 Ra5+ 106. Kf6 Kxg2 107. Ke6 Kf3 108. Ke7 Ke4 109. Kd6 Kf5 110. Kd7 Rd5+ 111. Kc7 Ke6 112. Kc6 Rh5 113. Kc7 Rc5+ 114. Kb6 Kd6 115. Kb7 Rb5+ 116. Ka6 Kc6 117. Ka7 Ra5+ 118. Kb8 Ra4 119. Kc8 Ra8#) 80. Kf1 $2 {[%mdl 8192]} (80. Kg1 $15) 80... g4 {[%cal Bg5g4,Bg4g3][%mdl 32] Black mates.} 81. Ra8 Rb1+ 82. Kf2 g3+ 83. Kf3 Rf1+ 84. Ke2 Rf7 85. Rh8+ Kg2 86. Re8 Kg1 87. Re6 g2 88. Re8 Rh7 {Precision: White = 45%, Black = 58%.} 0-1

[Event "Tatry Open 2018"]
[Site "Tatranska Lomnica"]
[Date "2018.10.02"]
[Round "4"]
[White "Chlpik, Martin"]
[Black "Krnan, Tomas"]
[Result "0-1"]
[WhiteElo "2119"]
[BlackElo "2430"]
[Annotator "TA"]
[PlyCount "64"]
[EventDate "2018.09.30"]
[EventType "swiss"]
[EventCountry "SVK"]
[SourceTitle "playchess.com"]
[Source "ChessBase"]
[SourceQuality "1"]

{[%evp 13,63,-4,22,-11,27,24,34,20,18,0,0,8,25,0,0,-34,0,0,0,0,0,-39,-25,-42,152,146,137,-200,-197,-185,-193,-193,-189,-520,-508,-633,-620,-874,-879,-903,-879,-29987,-29988,-29993,-29994,-29994,-29995,-29997,-29998,-29998,-29999,-29999]} 1. d4 f5 2. e4 fxe4 3. Nc3 Nf6 4. Bg5 g6 5. f3 d5 6. Qd2 Bg7 7. O-O-O O-O 8. fxe4 {A83: Dutch Defence: Staunton Gambit with 3 Nc3 Nf6 4 Bg5} dxe4 (8... Nxe4 9. Nxe4 dxe4 10. Bc4+ Kh8 11. Ne2 Nc6 12. Qe3 Na5 13. Bb3 Nxb3+ 14. axb3 Bg4 15. Qxe4 Bxe2 16. Qxe2 Qd5 17. h4 h6 18. Be3 e5 19. Qd2 h5 20. dxe5 Qxd2+ {½-½ (20) Wegerle,J (2421)-Taylor,A (2242) Hastings 2017}) 9. Bc4+ Kh8 10. Nge2 {White is slightly better.} Nc6 11. Bxf6 exf6 12. Nxe4 Qe7 13. N4g3 $146 ({Predecessor:} 13. Nf2 Qb4 14. Qxb4 Nxb4 15. Nd3 Nxd3+ 16. Bxd3 {1-0 (32) Purdon,C (2053)-Brookfield,T (1906) Vale 2016}) 13... f5 14. Kb1 Be6 15. Bxe6 Qxe6 16. h4 {[%cal Bh2h4,Bh4h5,Bh5g6][%mdl 32]} Rad8 $36 {[%mdl 2048] Black is more active.} 17. h5 Nxd4 18. Nf4 Qb6 $2 (18... Qe5 $15 {stays ahead.} 19. Qc1 (19. hxg6 Ne6 $17) 19... g5) 19. hxg6 $16 h6 {White must now prevent ...Ne2!} 20. Rxh6+ $2 {[%mdl 8192]} (20. Qc1 $16 {Ngh5 is the strong threat.} Nb5 21. Rxd8 Nc3+ 22. Ka1 Rxd8 23. Ngh5 (23. Nxf5 Qa5 $17)) 20... Bxh6 $19 21. Rh1 Kg8 ({Don't blunder} 21... Kg7 $2 {[#]} 22. Ne6+ $1 {[%mdl 512]} (22. Rxh6 Kxh6 23. Nd5+ Kxg6 $11) 22... Kf6 23. Qxh6 $18) 22. Rxh6 Ne6 23. Qc1 $2 (23. Nd3 {nothing else works.} Qg1+ 24. Qc1 Qxc1+ 25. Kxc1) 23... Nxf4 24. Nh5 Nxg6 25. c4 Qe6 26. Ka1 Rd4 {Strongly threatening ...Rfd8.} 27. b3 Rfd8 {Black mates.} 28. Qc3 Rd1+ 29. Kb2 R8d2+ 30. Ka3 Qa6+ 31. Kb4 {[#]} c5+ $1 32. Kxc5 Qb6# {Precision: White = 24%, Black = 51%.} 0-1

[Event "Tatry Open 2018"]
[Site "Tatranska Lomnica"]
[Date "2018.10.02"]
[Round "4"]
[White "Janos, Ivan"]
[Black "Ruckschloss, Karol"]
[Result "1/2-1/2"]
[WhiteElo "2109"]
[BlackElo "2253"]
[Annotator "TA"]
[PlyCount "75"]
[EventDate "2018.09.30"]
[EventType "swiss"]
[EventCountry "SVK"]
[SourceTitle "playchess.com"]
[Source "ChessBase"]
[SourceQuality "1"]

{[%evp 19,75,35,60,40,48,53,53,47,50,48,51,37,48,35,28,35,39,27,18,16,13,19,19,20,19,2,25,0,181,159,151,149,364,363,314,283,308,216,209,0,0,0,0,0,89,0,0,-7,0,-85,0,0,103,102,101,114,117,0]} 1. e4 d6 2. d4 Nf6 3. Nc3 Nbd7 4. Nf3 e5 5. Bc4 Be7 6. a4 O-O 7. a5 c6 8. O-O Qc7 9. Qe2 b5 {C41: Philidor Defence} (9... exd4 10. Nxd4 Ne5 11. Bb3 Bg4 12. Qe3 Bd7 13. h3 b5 14. axb6 axb6 15. Rxa8 Rxa8 16. Nf3 b5 17. Nxe5 dxe5 {½-½ (95) Grandelius,N (2647)-Kunin,V (2556) Berlin 2015}) 10. axb6 Nxb6 {LiveBook: 4 Games} 11. Bd3 $146 ({Predecessor:} 11. Bb3 Bg4 12. dxe5 dxe5 13. h3 Bh5 14. Bg5 Kh8 15. Qe3 Nbd7 16. Na4 Bg6 17. Nd2 {½-½ (51) Rudolf,A (2301)-Barlov,D (2449) Vecindario 2013}) 11... Bg4 {White is slightly better.} 12. dxe5 dxe5 13. h3 Bh5 14. Bg5 Rfe8 {[%cal Bf8e8,Be8e7,Be7d7][%mdl 32]} 15. Bh4 Nfd7 {And now ...Bxf3 would win.} 16. g4 Bg6 17. Bxe7 Rxe7 18. Nh4 Nc5 19. Bc4 Nxc4 20. Qxc4 Ne6 21. Ra6 Rc8 22. Rd1 Rd7 23. Nf5 Nf4 $2 {[#]} (23... h5 $11 {and Black is okay.}) 24. Ne7+ $1 {[%mdl 512]} Rxe7 {[#]} 25. Rxc6 $1 {[%mdl 512]} h5 $2 (25... Nxh3+ $16 {might work better.} 26. Kf1 Qxc6 27. Qxc6 Ree8) (25... Qxc6 26. Qxc6) 26. Rxc7 $18 Rcxc7 27. Rd8+ Kh7 28. Qb4 Rb7 29. Qc5 $2 (29. Qd6 $18) 29... Ne6 $36 {[%mdl 2048] Black has the initiative.} 30. Qa5 {gxh5 is the strong threat.} Nxd8 31. Qxd8 Red7 {[#]} (31... f6 $11) 32. Qc8 (32. Qh4 $1 $16 f6 33. gxh5) 32... Rdc7 33. Qd8 f6 34. Kh2 (34. Qd6 $11 {keeps the balance.}) 34... Rc4 (34... h4 $17) 35. Qd5 Rbb4 (35... Rcc7 $11) 36. gxh5 $16 {White is better.} Bxh5 {[#]} 37. Na2 $1 Ra4 38. Nc3 {Precision: White = 56%, Black = 46%.} (38. b3 $16 Rd4 39. bxa4 Rxd5 40. exd5) 1/2-1/2

[Event "Tatry Open 2018"]
[Site "Tatranska Lomnica"]
[Date "2018.10.02"]
[Round "4"]
[White "Bochnickova, Andrea"]
[Black "Michalicka, Milan"]
[Result "1-0"]
[WhiteElo "2079"]
[BlackElo "2225"]
[Annotator "TA"]
[PlyCount "75"]
[EventDate "2018.09.30"]
[EventType "swiss"]
[EventCountry "SVK"]
[SourceTitle "playchess.com"]
[Source "ChessBase"]
[SourceQuality "1"]

{[%evp 28,75,55,56,54,33,33,7,32,28,29,29,19,7,27,30,58,68,63,42,61,61,96,95,94,94,94,84,90,82,80,89,92,89,212,205,215,79,89,83,87,92,206,191,203,200,200,200,29980,366]} 1. e4 c5 2. Nf3 g6 3. d4 cxd4 4. Nxd4 Bg7 5. c4 Nc6 6. Be3 Nf6 7. Nc3 d6 8. Be2 O-O 9. O-O Bd7 10. Qd2 Nxd4 11. Bxd4 Bc6 12. f3 a5 13. b3 Nd7 14. Be3 Nc5 15. Rab1 Be5 {B38: Sicilian: Maroczy Bind with 5...Bg7 and 7...0-0} 16. Rfc1 e6 {[#]} 17. Bf2 $146 ({Predecessor:} 17. Bf1 Qe7 18. Ne2 f5 19. exf5 gxf5 20. Re1 Kh8 21. Nd4 Bd7 22. a3 Rg8 {1-0 (41) Van Wely,L (2661)-Hausrath,D (2486) Belgium 2018}) 17... f5 {The position is equal.} 18. exf5 Rxf5 19. Rd1 Qf6 20. Bd4 Bxd4+ (20... Rd8 {looks sharper.} 21. Bxe5 Rxe5 22. f4 Rf5 23. Rf1 d5) 21. Qxd4 Rd8 22. Qxf6 Rxf6 23. Rd2 Kf8 24. a3 Ke7 25. b4 Na4 26. Nxa4 Bxa4 27. bxa5 Bc6 28. a6 $1 {[%cal Ra6b7]} bxa6 29. Rb6 $36 {[%mdl 2048] White is on the roll.} Rc8 30. Rxa6 {Black must now prevent Ra7+.} Rff8 {[#]} (30... Rc7 $16 {is a better defense.}) 31. Ra7+ $1 $18 Bd7 {[#]} 32. Rb2 (32. c5 $1 $18 Rxc5 33. Rb2) 32... Rb8 $16 33. Rbb7 Rxb7 34. Rxb7 Ra8 (34... Rc8 $16 {was necessary.}) 35. c5 $1 $18 {[%cal Rc5c6]} Ke8 36. cxd6 Rxa3 37. Bc4 e5 $2 (37... h5 $18 38. Rb8+ Kf7) 38. Rb8+ {Precision: White = 61%, Black = 28%.} 1-0